000 01337 a2200241 4500
003 BJBSDDR
005 20260420123859.0
007 ta
008 260420s2018 enk 00| 0 eng d
020 _a9780008275952
020 _a9780008299392
040 _beng
_cBJBSDDR
041 _aeng
050 _bH766 2018
100 1 _aHomero,
_dca. siglo VIII a. C.
_921330
245 _aTroy :
_bthe epic battle as told in Homer's Iliad /
_cHomer ; translation by Samuel Butler.
260 _aLondon :
_bWilliam Collins,
_c2018.
300 _a vii, 368 pages ;
_c20 cm.
520 _aWhen Paris falls in love with legendary beauty Helen of Troy, the devastating effects of their affair on their families and fellow citizens are unimaginable. Battle lines are drawn, alliances are forged, and as the Greeks and Trojans march into battle, the resilience and humanity of all will be tested. In his epic story of divine ego, human frailty, and the ravages of war, Homer created an unforgettable cast of characters, whose moral dilemmas and heroic deeds will stay with readers long past the final pages of this book. Samuel Butler's famous prose translation of Homer's original brings the epic to an entirely new generation of readers.
700 1 _aButler, Samuel,
_d1835-1902
_941590
_etranslator.
942 _2lcc
_cBK
_n0
946 _irmza
999 _c126848
_d126848